000 00443cam a2200193 4500
001 D12806
008 090401t1966 xxu||||| |||| 00| 0 eng d
035 _a(Sirsi) u5918
041 _aeng
100 _aGeddes, Spence
245 _aEstimating for building and civil engineering works
250 _a4th
260 _aLondon
_bNewnes
_c1966
300 _a472p
350 _a0
520 _aShelf 116
942 _n0
948 _c04/03/1997
999 _c86230
_d86230